000
00195 a2200097 4500
020
_a
9780060777371
041
_a
spa
100
_a
Canfield jack
245
_a
Los principios del exito
942
_c
BK
999
_c
10703
_d
10703